College Football All-Americans (2010-2024) - Statistics

General Stats
  • This quiz has been taken 114 times
    67 since last reset
  • The average score is 95 of 283
Answer Stats
Answer % Correct
Cam Newton
94%
Jeremiah Smith
91%
DeVonta Smith
89%
Shedeur Sanders
89%
Brashard Smith
87%
Cam Ward
87%
JuJu Smith-Schuster
87%
Ashton Jeanty
85%
Najee Harris
85%
Tre Harris
85%
Travis Hunter
83%
Kendall Hunter
79%
Caleb Williams
77%
Cam Skattebo
77%
Damaris Johnson
77%
Kaleb Johnson
77%
Kerryon Johnson
77%
Andre Williams
75%
Avery Williams
75%
Derrick Henry
75%
D.J. Williams
75%
Jameson Williams
75%
Javonte Williams
75%
Jayden Daniels
75%
Mac Jones
75%
Maxx Williams
75%
Terrance Williams
75%
Trayveon Williams
75%
Aaron Jones
74%
Charlie Jones
74%
Dillon Gabriel
74%
Julio Jones
74%
Marvin Harrison Jr.
74%
Ronald Jones II
74%
Zay Jones
74%
Joe Burrow
72%
Melvin Gordon
72%
Omarion Hampton
72%
Bijan Robinson
70%
Bo Nix
70%
Brock Bowers
70%
Hunter Henry
70%
Johnny Manziel
70%
Ollie Gordon II
70%
Tetairoa McMillan
70%
Allen Robinson
68%
Denard Robinson
68%
Robert Griffin III
68%
David Wilson
66%
Garrett Wilson
66%
Ja'Marr Chase
66%
Lamar Jackson
66%
Brian Thomas Jr.
64%
C.J. Stroud
64%
Jonathan Taylor
64%
Michael Penix Jr.
64%
Tyler Warren
64%
Baker Mayfield
62%
Blake Corum
62%
Jalen Hurts
62%
J.J. Taylor
62%
Kenny Pickett
62%
Andrew Luck
60%
Bryce Love
60%
Bryce Young
60%
Malik Nabers
60%
Marcus Mariota
60%
Jameis Winston
58%
Titus Young
58%
CeeDee Lamb
57%
Chris Olave
57%
Deshaun Watson
57%
Justin Fields
57%
Kyler Murray
57%
Xavier Restrepo
57%
A.J. Brown
55%
Chase Brown
55%
Dyami Brown
55%
Marquise Brown
55%
Trevor Lawrence
55%
Tua Tagovailoa
55%
Elijah Moore
53%
Harold Fannin Jr.
53%
Kellen Moore
53%
Max Duggan
53%
Rondale Moore
53%
Kyle Pitts
51%
Nick Nash
51%
Dwayne Haskins
49%
Hassan Haskins
49%
Kenneth Walker III
49%
Rome Odunze
49%
Saquon Barkley
49%
Travis Etienne
49%
Ezekiel Elliott
47%
Hendon Hooker
47%
Luther Burden III
47%
Matt Barkley
47%
Breece Hall
45%
Christian McCaffrey
45%
Dylan Sampson
45%
Jaxon Smith-Njigba
43%
Kyle Trask
43%
LaMichael James
43%
Stefphon Jefferson
43%
Dalvin Cook
42%
Jerry Jeudy
42%
Jordan Addison
42%
Mike Evans
42%
A.J. McCarron
40%
Jordyn Tyson
40%
Michael Mayer
40%
O.J. Howard
40%
Trent Richardson
40%
Amari Cooper
38%
DeAndre Hopkins
38%
RJ Harvey
38%
Tavon Austin
38%
Jalin Hyatt
36%
J.T. Barrett
36%
Leonard Fournette
36%
Justin Blackmon
34%
Patrick Edwards
34%
T.J. Hockenson
32%
Davante Adams
30%
Joe Adams
30%
Jonathan Adams Jr.
30%
Ricky White
30%
Austin Carr
28%
Corey Davis
28%
Jayden Higgins
28%
J.K. Dobbins
28%
Jordan White
28%
Kevin White
28%
Rashard Higgins
28%
Anthony Miller
26%
James Washington
26%
Malik Washington
26%
Xavier Worthy
26%
Zay Flowers
26%
Deuce Vaughn
25%
Dwayne Allen
25%
James Conner
25%
Jaylen Waddle
25%
Mark Andrews
25%
Montee Ball
25%
Collin Klein
23%
Corey Coleman
23%
Dalton Kincaid
23%
Dede Westbrook
23%
DeWayne McBride
23%
Eno Benjamin
23%
Noah Fant
23%
Odell Beckham Jr.
23%
Rashaad Penny
23%
Tevin Coleman
23%
Trey McBride
23%
Drake London
21%
Evan Engram
21%
Harrison Bryant
21%
Hunter Bryant
21%
Jake Butt
21%
John Ross
21%
Kadarius Toney
21%
Mason Rudolph
21%
Nathaniel Dell
21%
Sammy Watkins
21%
Brandin Cooks
19%
Jahan Dotson
19%
Johnathan Franklin
19%
Jordan Lynch
19%
Josh Downs
19%
Rashee Rice
19%
Tre' Mason
19%
Trevone Boykin
19%
Troy Franklin
19%
Zach Ertz
19%
Alshon Jeffrey
17%
Audric Estime
17%
Benny Snell
17%
Chuba Hubbard
17%
Cody Schrader
17%
Curtis Samuel
17%
Jaylen Samuels
17%
Michael Carter
17%
Michael Pittman Jr.
17%
Oronde Gadsden II
17%
Rashod Bateman
17%
AJ Dillon
15%
David Bell
15%
Desmond Reid
15%
Jahmyr Gibbs
15%
Tai Felton
15%
Laquon Treadwell
13%
Marqise Lee
13%
Shaq Thompson
13%
Ameer Abdullah
11%
Darrell Henderson
11%
Eric Rivers
11%
Quadree Henderson
11%
Xavier Hutchinson
11%
Carlos Hyde
9%
D.J. Reed
9%
Kendall Wright
9%
Lynn Bowden Jr.
9%
Royce Freeman
9%
Ty Montgomery
9%
Zack Moss
9%
Andy Isabella
8%
Ben Sinnott
8%
Brandon Aiyuk
8%
Christian Kirk
8%
Dante Pettis
8%
David Sills V
8%
Devin Singletary
8%
D'Onta Foreman
8%
Dri Archer
8%
Keenan Reynolds
8%
Kenjon Barner
8%
Kimani Vidal
8%
Rashad Greene
8%
Samaje Perine
8%
Tylan Wallace
8%
Tyler Lockett
8%
Zach Charbonnet
8%
Charlie Kolar
6%
Donnel Pumphrey
6%
Eric Ebron
6%
Jaret Patterson
6%
Jay Ajayi
6%
John Clay
6%
Jordan Matthews
6%
Josh Doctson
6%
Mikel Leshoure
6%
Mohamed Ibrahim
6%
Morgan Burns
6%
Randall Cobb
6%
Roger Lewis
6%
Ryan Broyles
6%
Bishop Sankey
4%
Clive Walford
4%
Cobi Hamilton
4%
Coby Fleener
4%
Israel Abanikanda
4%
J.J. Nelson
4%
Justin Hardy
4%
Ka'Deem Carey
4%
Larry Rose III
4%
Michael Gallup
4%
Nelson Agholor
4%
Nick O'Leary
4%
Robert Woods
4%
Sean Tucker
4%
Troy Fumagalli
4%
Tyler Badie
4%
Tyler Eifert
4%
Will Fuller
4%
Amba Etta-Tawo
2%
Austin Hooper
2%
Austin Seferian-Jenkins
2%
Bobby Rainey
2%
Dallin Holker
2%
Deven Thompkins
2%
Giovani Bernard
2%
Greg Dortch
2%
Greg Salas
2%
Hunter Long
2%
Jace Amaro
2%
Jace Sternberger
2%
Jaelon Darden
2%
Jakeem Grant
2%
Jerreth Sterns
2%
Jordan Todman
2%
Lance Kendricks
2%
Michael Egnew
2%
Omar Bayless
2%
Quinton Patton
2%
Ronnie Hillman
2%
Sincere McCormick
2%
Stedman Bailey
2%
Steve Ishmael
2%
Ty Fryfogle
2%
Vai Taua
2%
No matching quizzes found
Score Distribution
Percent of People with Each Score
Percentile by Number Answered
Your Score History
You have not taken this quiz since the last reset